Les 20 plus gros transferts du Standard de Liège - Statistiques

Statistiques générales
  • Ce quiz a été pris 188 fois
  • Le résultat moyen est 9 sur 20
Statistiques - réponses
Club Transfert Club Joueur % Correct
Standard 21.76M Everton Fellaini
87%
Standard 9M Benfica Witsel
86%
Standard 16.20M Inter Milan Vanheusden
84%
Inter Milan 11.74M Standard Vanheusden
84%
Standard 15.70M Soouthampton Djenepo
79%
Standard 6M OM Batshuayi
75%
Standard 12.50M Ajax Marin
69%
Standard 6M Porto Defour
66%
Standard 5.70M Anzhi Carcela
56%
Standard 5M Galatasaray Luyindama
43%
Standard 11.50M OM Van buyten
38%
Standard 5.20M Torino Vojvoda
35%
Standard 5.50M Hoffenheim Belfodil
34%
Standard 7M As Monaco Mbokani
31%
Standard 6M Dynamo Moscou Vainqueur
19%
Standard 8M Al Arabi Ezekiel
18%
Standard 6.75M Porto Mangala
17%
Standard 8.50M Shalke 04 Mpenza
11%
Standard 5.20M Juventus Carini
4%
Juventus 5M Standard Carini
4%
Aucun quiz correspondant
Distribution des résultats
% des personnes avec chaque résultat
Percentile par nombre de réponses
Votre historique - résultats
Vous n’avez pas pris ce quiz